| 000 | 00514nam a22001937a 4500 | ||
|---|---|---|---|
| 003 | MPLRDC | ||
| 005 | 20220104124500.0 | ||
| 008 | 210129b ||||| |||| 00| 0 eng d | ||
| 020 | _a7-03-002114-2 | ||
| 082 | _a309.8 SJZM-3 v.2 | ||
| 100 | _a吴文俊主编 | ||
| 245 |
_a世界著名科学家传记: 数学家. II _c |
||
| 250 | _a一版一刷 | ||
| 260 |
_a _b科学出版社 _c1992 |
||
| 300 | _b平 | ||
| 490 | _a世界著名科学家传记 | ||
| 650 | _a科学家传记 | ||
| 942 |
_cBK _o309.8 SJZM-3 v.2 |
||
| 999 |
_c19681 _d19671 |
||